[Event "FAI-ch Open 2021"]
[Site "Klaksvik"]
[Date "2021.04.01"]
[Round "6.1"]
[White "Morkore, Rogvi"]
[Black "Skaale, Janus"]
[Result "1/2-1/2"]
[WhiteElo "1685"]
[BlackElo "1809"]
[Annotator "NA RC"]
[PlyCount "62"]
[EventDate "2021.03.27"]
[EventType "swiss"]
[EventCountry "FAI"]
[SourceTitle "playchess.com"]
[Source "ChessBase"]
[SourceQuality "1"]
[TimeControl "40/5400+30:900+30"]

1. c4 {[%emt 0:00:00]} e5 {[%emt 0:00:00]} 2. g3 {[%emt 0:00:00]} Nf6 {[%emt 0:00:04]} 3. Bg2 {[%emt 0:00:08]} d5 {[%emt 0:00:22]} 4. cxd5 {[%emt 0:00:18]} Nxd5 {[%emt 0:00:05]} 5. Nc3 {[%emt 0:00:16]} Nb6 {[%emt 0:00:23]} 6. d3 {[%emt 0:00:53]} Be7 {[%emt 0:01:16]} 7. Nf3 {[%emt 0:00:22]} Nc6 {[%emt 0:00:32]} 8. O-O {[%emt 0:00:29]} O-O {[%emt 0:00:43]} 9. Be3 {[%emt 0:02:40]} Be6 {[%emt 0:01:26]} 10. Rc1 {[%emt 0:01:27]} f6 {[%emt 0:06:30]} 11. Nd2 {[%emt 0:10:53]} Nd5 {[%emt 0:07:19]} 12. Nxd5 {[%emt 0:10:18]} Bxd5 $11 {[%emt 0:00:24]} 13. Bxd5+ {[%emt 0:05:51]} Qxd5 {[%emt 0:01:02]} 14. Qb3 {[%emt 0:04:23]} Qxb3 {[%emt 0:03:14]} 15. Nxb3 {[%emt 0:01:34]} Rfd8 {[%emt 0:01:40]} 16. Bc5 {[%emt 0:05:45]} Rac8 {[%emt 0:01:32]} 17. Bxe7 {[%emt 0:13:36]} Nxe7 {[%emt 0:00:13]} 18. Rc2 {[%emt 0:04:36]} b6 {[%emt 0:02:09]} 19. Rfc1 {[%emt 0:01:03]} c5 {[%emt 0:00:13]} 20. Nd2 {[%emt 0:00:30]} Nc6 {[%emt 0:02:37]} 21. Rc4 {[%emt 0:03:33]} Rd4 {[%emt 0:13:25]} 22. Nf3 {[%emt 0:01:46]} Rxc4 {[%emt 0:01:43]} 23. Rxc4 {[%emt 0:00:26]} Ne7 {[%emt 0:04:36]} 24. a3 {[%emt 0:01:21]} a5 {[%emt 0:00:13]} 25. Nd2 {[%emt 0:03:25]} Kf7 {[%emt 0:07:11]} 26. Kf1 {[%emt 0:01:50]} Nc6 {[%emt 0:05:44]} 27. Ne4 {[%emt 0:05:06]} Rd8 {[%emt 0:01:57]} 28. Nd2 {[%emt 0:05:20]} Ke6 {[%emt 0:06:29]} 29. Rc3 {[%emt 0:00:11]} Rb8 {[%emt 0:02:49]} 30. e3 {[%emt 0:00:40]} Rd8 {[%emt 0:02:50]} 31. Ke2 {[%emt 0:00:24]} Rb8 {[%emt 0:04:00]} 1/2-1/2

[Event "FAI-ch Open 2021"]
[Site "Klaksvik"]
[Date "2021.04.01"]
[Round "6.2"]
[White "Christiansen, Esbern"]
[Black "Joensen, Henrik W."]
[Result "0-1"]
[WhiteElo "1775"]
[BlackElo "1535"]
[Annotator "NA RC"]
[PlyCount "130"]
[EventDate "2021.03.27"]
[EventType "swiss"]
[EventCountry "FAI"]
[SourceTitle "playchess.com"]
[Source "ChessBase"]
[SourceQuality "1"]
[TimeControl "40/5400+30:900+30"]

1. e4 {[%emt 0:00:00]} c5 {[%emt 0:00:40]} 2. Nc3 {[%emt 0:00:00]} Nc6 {[%emt 0:00:45]} 3. Bb5 {[%emt 0:00:00]} g6 {[%emt 0:01:27]} 4. Bxc6 {[%emt 0:00:10]} bxc6 {[%emt 0:00:42]} 5. f4 {[%emt 0:00:24]} Bg7 {[%emt 0:00:51]} 6. Nf3 {[%emt 0:00:11]} Bxc3 {[%emt 0:06:35]} 7. bxc3 {[%emt 0:00:51]} d5 {[%emt 0:00:51]} 8. e5 {[%emt 0:01:05]} e6 {[%emt 0:08:21]} 9. O-O {[%emt 0:02:34]} Ne7 {[%emt 0:00:35]} 10. d3 {[%emt 0:06:22]} O-O {[%emt 0:09:30]} 11. Qe1 {[%emt 0:04:37]} c4 {[%emt 0:06:24]} 12. d4 {[%emt 0:01:52]} Nf5 {[%emt 0:05:21]} 13. g4 {[%emt 0:05:28]} Ng7 {[%emt 0:03:48]} 14. Ba3 {[%emt 0:12:52]} Re8 {[%emt 0:00:41]} 15. Kg2 {[%emt 0:02:48]} Rb8 {[%emt 0:22:57]} 16. Bd6 {[%emt 0:06:16]} Rb2 {[%emt 0:01:49]} 17. Qc1 {[%emt 0:01:49]} Rb7 {[%emt 0:04:26]} 18. Qa3 {[%emt 0:02:38]} Bd7 {[%emt 0:06:06]} 19. Rab1 {[%emt 0:00:58]} Qa8 {[%emt 0:02:32]} 20. Rb2 {[%emt 0:06:43]} Rb5 {[%emt 0:00:51]} 21. Rxb5 {[%emt 0:15:17]} cxb5 {[%emt 0:00:11]} 22. Qc1 {[%emt 0:05:09]} Qd8 {[%emt 0:02:58]} 23. f5 {[%emt 0:06:53]} f6 {[%emt 0:04:56]} 24. Qh6 {[%emt 0:04:13]} exf5 {[%emt 0:01:05]} 25. exf6 {[%emt 0:00:57]} Re2+ {[%emt 0:02:29]} 26. Kg1 {[%emt 0:00:26]} Qxf6 {[%emt 0:01:24]} 27. Be5 {[%emt 0:04:14]} Qe7 {[%emt 0:01:17]} 28. g5 {[%emt 0:05:36]} Ne6 {[%emt 0:00:34]} 29. Bf6 {[%emt 0:00:24]} Qf8 {[%emt 0:00:18]} 30. Qh4 {[%emt 0:00:20]} Re4 {[%emt 0:01:04]} 31. Qf2 {[%emt 0:01:34]} Rg4+ {[%emt 0:00:14]} 32. Kh1 {[%emt 0:00:07]} Rf4 {[%emt 0:01:41]} 33. Qg3 {[%emt 0:00:26]} Re4 {[%emt 0:00:41]} 34. Ne5 {[%emt 0:00:28]} Bc8 {[%emt 0:00:27]} 35. Nc6 {[%emt 0:01:09]} f4 {[%emt 0:00:33]} 36. Qh4 {[%emt 0:00:54]} Ng7 {[%emt 0:00:30]} 37. Rxf4 {[%emt 0:01:01]} Nf5 {[%emt 0:00:13]} 38. Qf2 {[%emt 0:00:18]} Qf7 {[%emt 0:00:28]} 39. Ne5 {[%emt 0:01:25]} Qe8 {[%emt 0:01:31]} 40. Rxe4 {[%emt 0:00:00]} dxe4 {[%emt 0:00:00]} 41. Qf4 {[%emt 0:03:28]} Bb7 {[%emt 0:01:39]} 42. Kg1 {[%emt 0:02:12]} e3 {[%emt 0:02:48]} 43. h4 {[%emt 0:01:47]} Qa8 {[%emt 0:03:01]} 44. h5 {[%emt 0:04:34]} Bh1 {[%emt 0:01:17]} 45. Qh2 {[%emt 0:00:40]} e2 {[%emt 0:04:07]} 46. Qxe2 {[%emt 0:00:33]} gxh5 {[%emt 0:00:33]} 47. Qh2 {[%emt 0:02:40]} Bf3 {[%emt 0:00:33]} 48. Qf2 {[%emt 0:01:30]} Be4 {[%emt 0:01:06]} 49. Nd7 {[%emt 0:00:42]} Qd5 {[%emt 0:01:24]} 50. Qf4 {[%emt 0:01:24]} Qxd7 {[%emt 0:01:16]} 51. Qxe4 {[%emt 0:00:02]} Ng3 {[%emt 0:01:19]} 52. Qe5 {[%emt 0:01:33]} h4 {[%emt 0:01:25]} 53. d5 {[%emt 0:00:39]} a5 {[%emt 0:00:29]} 54. d6 {[%emt 0:01:02]} Kf7 {[%emt 0:01:03]} 55. Be7 {[%emt 0:00:24]} Qa7+ {[%emt 0:00:32]} 56. Kg2 {[%emt 0:00:34]} Qb7+ {[%emt 0:00:33]} 57. Kh3 {[%emt 0:00:18]} Qh1+ {[%emt 0:00:49]} 58. Kg4 {[%emt 0:00:05]} Qd1+ {[%emt 0:00:26]} 59. Kxh4 {[%emt 0:00:12]} Nh5 {[%emt 0:00:47]} 60. Qf5+ {[%emt 0:01:09]} Ke8 {[%emt 0:00:47]} 61. Qc8+ {[%emt 0:00:23]} Kf7 {[%emt 0:00:16]} 62. Qf8+ {[%emt 0:00:16]} Ke6 {[%emt 0:00:17]} 63. Qg8+ {[%emt 0:01:17]} Kd7 {[%emt 0:00:22]} 64. Qxh7 {[%emt 0:00:26]} Qh1+ {[%emt 0:00:39]} 65. Kg4 {[%emt 0:00:08]} Nf6+ {[%emt 0:00:10]} 0-1

[Event "FAI-ch Open 2021"]
[Site "Klaksvik"]
[Date "2021.04.01"]
[Round "6.3"]
[White "Gregersen, Hedin"]
[Black "Danielsen, Andrias"]
[Result "1-0"]
[WhiteElo "1842"]
[BlackElo "1911"]
[Annotator "TA"]
[PlyCount "45"]
[EventDate "2021.03.27"]
[EventType "swiss"]
[EventCountry "FAI"]
[SourceTitle "playchess.com"]
[Source "ChessBase"]
[SourceQuality "1"]

{[%evp 10,45,0,0,0,0,0,0,0,0,7,0,29,4,41,43,50,39,304,106,192,61,72,58,57,55,59,46,27,0,48,62,216,181,521,505,505,497]} 1. Nf3 d5 2. g3 Nf6 3. Bg2 Bf5 4. c4 e6 5. cxd5 exd5 6. O-O c6 {A07: Réti Opening: New York and Capablanca Systems.} 7. Nc3 Bd6 8. Nh4 Be6 {The position is equal.} 9. d3 O-O 10. e4 {[#]} dxe4 $146 ({Predecessor:} 10... Na6 11. Qe2 Re8 12. h3 Be5 13. f4 Bxc3 14. bxc3 dxe4 15. dxe4 Bd5 16. e5 Bxg2 17. Kxg2 {1-0 (36) Carlsen,M (2813)-Smeets,J (2651) Nice 2010}) 11. dxe4 Bc4 12. Re1 {Black must now prevent e5.} Bc5 13. Qf3 {aiming for Bg5.} Qd3 $2 {[%mdl 8192]} (13... Re8 $14) 14. Be3 $2 (14. Qf5 $1 $18 {[%cal Rf5c5] is the precise move to win.}) 14... Bxe3 $16 {[#]} 15. Bf1 ({Don't play} 15. Rxe3 Qd8 $16) (15. Qxe3 Qxe3 16. Rxe3 Nbd7 $14) (15. Rad1 $1 $18 {[%cal Rd1d3]} Qc2 16. Qxe3 Qxb2 17. e5) 15... Qd4 $14 ({Don't go for} 15... Bxf2+ $2 16. Qxf2 Qd8 17. Bxc4 $18) 16. Rxe3 Bxf1 17. Rxf1 {Hoping for e5.} Nbd7 18. Nf5 Qe5 19. Qe2 Nb6 (19... g6 $5 {[%cal Rg6f5]} 20. Nh4 Rad8 $11) 20. f4 $36 {[%mdl 2048] White has some pressure.} Qc5 {[#]} ({Black should try} 20... Qe6 $14) 21. e5 $1 $18 {b4 is the strong threat.} Rad8 $2 (21... a5 {is a better chance.} 22. exf6 Qxf5) 22. b4 $1 {[%cal Rb4c5]} ({Not} 22. exf6 Qxf5 23. fxg7 Kxg7 $16) 22... Qc4 23. exf6 {Weighted Error Value: White=0.26/Black=0.54} 1-0

[Event "FAI-ch Open 2021"]
[Site "Klaksvik"]
[Date "2021.04.01"]
[Round "6.4"]
[White "Gregersen, Einar"]
[Black "Tummasarson, Flovin M."]
[Result "1-0"]
[WhiteElo "1766"]
[BlackElo "1743"]
[Annotator "NA RC"]
[PlyCount "97"]
[EventDate "2021.03.27"]
[EventType "swiss"]
[EventCountry "FAI"]
[SourceTitle "playchess.com"]
[Source "ChessBase"]
[SourceQuality "1"]
[TimeControl "40/5400+30:900+30"]

1. e4 {[%emt 0:00:00]} e5 {[%emt 0:00:00]} 2. Nf3 {[%emt 0:00:00]} Nc6 {[%emt 0:00:00]} 3. Bb5 {[%emt 0:00:00]} a6 {[%emt 0:00:12]} 4. Ba4 {[%emt 0:00:00]} Nf6 {[%emt 0:00:35]} 5. O-O {[%emt 0:00:08]} b5 {[%emt 0:01:02]} 6. Bb3 {[%emt 0:00:06]} Be7 {[%emt 0:00:29]} 7. Re1 {[%emt 0:00:27]} O-O {[%emt 0:01:07]} 8. c3 {[%emt 0:02:01]} d6 {[%emt 0:00:19]} 9. h3 {[%emt 0:01:02]} Nb8 {[%emt 0:00:45]} 10. d4 {[%emt 0:02:37]} Nbd7 {[%emt 0:01:23]} 11. Nbd2 {[%emt 0:03:45]} Bb7 {[%emt 0:01:09]} 12. Bc2 {[%emt 0:02:02]} c5 {[%emt 0:01:50]} 13. Nf1 {[%emt 0:01:55]} Re8 {[%emt 0:01:55]} 14. Ng3 {[%emt 0:01:13]} Bf8 {[%emt 0:03:04]} 15. d5 {[%emt 0:03:21]} c4 {[%emt 0:00:42]} 16. Bg5 {[%emt 0:04:29]} g6 {[%emt 0:07:11]} 17. Qd2 {[%emt 0:02:52]} Bg7 {[%emt 0:01:51]} 18. Nh2 {[%emt 0:07:13]} Qc7 {[%emt 0:03:59]} 19. f4 {[%emt 0:05:00]} h6 {[%emt 0:09:46]} 20. fxe5 {[%emt 0:03:09]} Rxe5 {[%emt 0:09:49]} 21. Bxh6 {[%emt 0:08:15]} Bxh6 {[%emt 0:02:31]} 22. Qxh6 {[%emt 0:00:09]} Rae8 {[%emt 0:00:23]} 23. Nf3 {[%emt 0:04:58]} R5e7 {[%emt 0:00:27]} 24. Kh2 {[%emt 0:06:45]} Ne5 {[%emt 0:03:09]} 25. Nxe5 {[%emt 0:07:28]} Rxe5 {[%emt 0:00:36]} 26. Nf5 {[%emt 0:03:41]} gxf5 {[%emt 0:02:16]} 27. Qg5+ {[%emt 0:03:36]} Kh7 {[%emt 0:00:51]} 28. Qxf6 {[%emt 0:01:01]} Qe7 {[%emt 0:01:54]} 29. Qxe7 {[%emt 0:00:12]} R8xe7 {[%emt 0:00:10]} 30. Rad1 {[%emt 0:06:15]} fxe4 {[%emt 0:00:44]} 31. Rd4 {[%emt 0:01:28]} f5 {[%emt 0:02:00]} 32. g4 {[%emt 0:01:45]} fxg4 {[%emt 0:01:47]} 33. Rdxe4 {[%emt 0:03:17]} Rxe4 {[%emt 0:01:35]} 34. Rxe4 {[%emt 0:00:12]} Rxe4 {[%emt 0:00:09]} 35. Bxe4+ {[%emt 0:00:08]} Kh6 {[%emt 0:00:14]} 36. h4 {[%emt 0:03:01]} Kh5 {[%emt 0:04:01]} 37. Kg3 {[%emt 0:00:07]} a5 {[%emt 0:04:58]} 38. a3 {[%emt 0:00:31]} a4 {[%emt 0:01:28]} 39. Bf5 {[%emt 0:01:40]} Bxd5 {[%emt 0:07:58]} 40. Bxg4+ {[%emt 0:00:00]} Kg6 {[%emt 0:00:00]} 41. Bd7 {[%emt 0:00:26]} Be4 {[%emt 0:01:26]} 42. Bxb5 {[%emt 0:00:59]} d5 {[%emt 0:00:24]} 43. Kf4 {[%emt 0:02:34]} Kf6 {[%emt 0:02:25]} 44. Bxa4 {[%emt 0:00:14]} Bd3 {[%emt 0:00:29]} 45. h5 {[%emt 0:01:03]} Ke6 {[%emt 0:01:23]} 46. h6 {[%emt 0:01:07]} Kd6 {[%emt 0:01:00]} 47. Ke3 {[%emt 0:00:54]} Ke5 {[%emt 0:01:56]} 48. Kd2 {[%emt 0:00:41]} Bg6 {[%emt 0:00:59]} 49. Bc2 {[%emt 0:00:22]} 1-0

[Event "FAI-ch Open 2021"]
[Site "Klaksvik"]
[Date "2021.04.01"]
[Round "6.5"]
[White "Funningstovu, Brandur I"]
[Black "Hojgaard, Brandur"]
[Result "1/2-1/2"]
[WhiteElo "1311"]
[BlackElo "1720"]
[Annotator "NA RC"]
[PlyCount "51"]
[EventDate "2021.03.27"]
[EventType "swiss"]
[EventCountry "FAI"]
[SourceTitle "playchess.com"]
[Source "ChessBase"]
[SourceQuality "1"]
[TimeControl "40/5400+30:900+30"]

1. Nf3 {[%emt 0:00:00]} Nf6 {[%emt 0:00:00]} 2. d4 {[%emt 0:00:02]} e6 {[%emt 0:00:15]} 3. c4 {[%emt 0:01:22]} c5 {[%emt 0:00:26]} 4. d5 {[%emt 0:01:57]} exd5 {[%emt 0:00:13]} 5. cxd5 {[%emt 0:00:18]} d6 {[%emt 0:00:17]} 6. Nc3 {[%emt 0:03:11]} g6 {[%emt 0:00:29]} 7. e4 {[%emt 0:00:56]} Bg7 {[%emt 0:00:36]} 8. Bd3 {[%emt 0:00:51]} O-O {[%emt 0:03:30]} 9. O-O {[%emt 0:00:28]} Bg4 {[%emt 0:07:20]} 10. h3 {[%emt 0:02:04]} Bxf3 {[%emt 0:00:29]} 11. Qxf3 {[%emt 0:00:20]} a6 {[%emt 0:01:22]} 12. Bf4 {[%emt 0:05:55]} b5 {[%emt 0:04:58]} 13. a3 {[%emt 0:06:03]} Qb6 {[%emt 0:11:04]} 14. g4 {[%emt 0:11:51]} Nbd7 {[%emt 0:01:47]} 15. Qg3 {[%emt 0:01:47]} Ne8 {[%emt 0:02:57]} 16. Rfe1 {[%emt 0:10:12]} Ne5 {[%emt 0:04:54]} 17. Bc2 {[%emt 0:01:38]} Nc7 {[%emt 0:01:28]} 18. h4 {[%emt 0:09:20]} Rad8 {[%emt 0:03:58]} 19. a4 {[%emt 0:03:31]} Nc4 {[%emt 0:07:25]} 20. b3 {[%emt 0:03:36]} Bxc3 {[%emt 0:00:57]} 21. Qxc3 {[%emt 0:00:15]} Ne5 {[%emt 0:03:15]} 22. Bxe5 {[%emt 0:03:29]} dxe5 {[%emt 0:00:11]} 23. Qxe5 {[%emt 0:00:10]} Rde8 {[%emt 0:03:10]} 24. Qf4 {[%emt 0:00:29]} f6 {[%emt 0:01:15]} 25. a5 {[%emt 0:03:54]} Qa7 26. Qe3 1/2-1/2

[Event "FAI-ch Open 2021"]
[Site "Klaksvik"]
[Date "2021.04.01"]
[Round "6.7"]
[White "Petersen, Elias"]
[Black "Tidemann-Andersen, Leif"]
[Result "1-0"]
[WhiteElo "1403"]
[BlackElo "1661"]
[Annotator "NA RC"]
[PlyCount "95"]
[EventDate "2021.03.27"]
[EventType "swiss"]
[EventCountry "FAI"]
[SourceTitle "playchess.com"]
[Source "ChessBase"]
[SourceQuality "1"]
[TimeControl "40/5400+30:900+30"]

1. c4 {[%emt 0:00:00]} f5 {[%emt 0:02:32]} 2. d4 {[%emt 0:02:31]} e6 {[%emt 0:04:46]} 3. Nc3 {[%emt 0:00:24]} c6 {[%emt 0:00:27]} 4. Nf3 {[%emt 0:05:01]} d5 {[%emt 0:02:49]} 5. Bf4 {[%emt 0:01:36]} Nf6 {[%emt 0:00:41]} 6. e3 {[%emt 0:01:13]} Be7 {[%emt 0:01:17]} 7. Bd3 {[%emt 0:04:13]} O-O {[%emt 0:00:24]} 8. h3 {[%emt 0:02:08]} Ne4 {[%emt 0:01:34]} 9. g4 {[%emt 0:03:00]} Bh4 {[%emt 0:03:27]} 10. Bxe4 {[%emt 0:04:29]} fxe4 {[%emt 0:04:34]} 11. Nxh4 {[%emt 0:03:00]} Qxh4 {[%emt 0:01:57]} 12. c5 {[%emt 0:02:36]} Nd7 {[%emt 0:02:55]} 13. Bg3 {[%emt 0:02:36]} Qf6 {[%emt 0:03:13]} 14. Qe2 {[%emt 0:02:28]} b6 {[%emt 0:01:46]} 15. cxb6 {[%emt 0:02:33]} axb6 {[%emt 0:03:23]} 16. O-O-O {[%emt 0:03:01]} Ba6 {[%emt 0:05:01]} 17. Qd2 {[%emt 0:02:26]} Bd3 {[%emt 0:06:22]} 18. Rh2 {[%emt 0:04:52]} Ra6 {[%emt 0:04:46]} 19. b3 {[%emt 0:01:40]} Rfa8 {[%emt 0:02:19]} 20. Kb2 {[%emt 0:01:53]} Qe7 {[%emt 0:12:42]} 21. a4 {[%emt 0:05:02]} b5 {[%emt 0:13:37]} 22. Ra1 {[%emt 0:02:51]} Qb4 {[%emt 0:01:39]} 23. Nxe4 {[%emt 0:01:07]} Qxd2+ {[%emt 0:04:11]} 24. Nxd2 {[%emt 0:00:11]} bxa4 {[%emt 0:01:48]} 25. bxa4 {[%emt 0:00:11]} Rxa4 {[%emt 0:01:02]} 26. Rxa4 {[%emt 0:00:27]} Rxa4 {[%emt 0:00:11]} 27. Rh1 {[%emt 0:01:24]} Nb6 {[%emt 0:00:36]} 28. Rc1 {[%emt 0:01:20]} Nc4+ {[%emt 0:02:26]} 29. Nxc4 {[%emt 0:00:23]} dxc4 {[%emt 0:00:56]} 30. Bd6 {[%emt 0:01:07]} Ra7 {[%emt 0:01:52]} 31. Bb4 {[%emt 0:01:57]} Rb7 {[%emt 0:00:24]} 32. Kc3 {[%emt 0:00:30]} g5 {[%emt 0:01:13]} 33. Ra1 {[%emt 0:00:52]} Kg7 {[%emt 0:00:55]} 34. Ra6 {[%emt 0:00:32]} Rf7 {[%emt 0:02:21]} 35. Rxc6 {[%emt 0:00:16]} Rxf2 {[%emt 0:00:27]} 36. Ba5 {[%emt 0:01:05]} Rc2+ 37. Kb4 Rb2+ {[%emt 0:01:32]} 38. Kc5 {[%emt 0:01:04]} c3 {[%emt 0:00:20]} 39. Bxc3 {[%emt 0:01:18]} Rb5+ {[%emt 0:02:46]} 40. Kd6 {[%emt 0:00:12]} Kf7 {[%emt 0:02:27]} 41. Rc7+ {[%emt 0:00:48]} Kg6 {[%emt 0:00:38]} 42. Kxe6 {[%emt 0:00:28]} Rb6+ {[%emt 0:00:38]} 43. Ke5 {[%emt 0:01:02]} Rf6 44. d5 h6 {[%emt 0:10:49]} 45. d6 {[%emt 0:01:01]} Rf3 {[%emt 0:00:27]} 46. d7 {[%emt 0:01:22]} Bb5 {[%emt 0:02:43]} 47. d8=Q {[%emt 0:01:22]} Rxe3+ {[%emt 0:00:06]} 48. Kd5 {[%emt 0:01:24]} 1-0

[Event "FAI-ch Open 2021"]
[Site "Klaksvik"]
[Date "2021.04.01"]
[Round "6.8"]
[White "Bertholdsen, Bjarki"]
[Black "Joensen, Jakup F."]
[Result "1-0"]
[WhiteElo "1353"]
[BlackElo "1690"]
[Annotator "NA RC"]
[PlyCount "111"]
[EventDate "2021.03.27"]
[EventType "swiss"]
[EventCountry "FAI"]
[SourceTitle "playchess.com"]
[Source "ChessBase"]
[SourceQuality "1"]
[TimeControl "40/5400+30:900+30"]

1. e4 {[%emt 0:00:00]} Nc6 {[%emt 0:00:00]} 2. d4 {[%emt 0:00:17]} e5 {[%emt 0:00:00]} 3. Nf3 {[%emt 0:01:41]} exd4 {[%emt 0:02:18]} 4. Nxd4 {[%emt 0:01:41]} Ne5 {[%emt 0:04:28]} 5. Be2 {[%emt 0:09:35]} d6 {[%emt 0:03:38]} 6. Nc3 {[%emt 0:04:03]} Nf6 {[%emt 0:00:53]} 7. Bg5 {[%emt 0:03:30]} Be7 {[%emt 0:01:13]} 8. Qd2 {[%emt 0:10:46]} O-O {[%emt 0:05:49]} 9. Nf5 {[%emt 0:09:10]} Bxf5 {[%emt 0:05:51]} 10. exf5 {[%emt 0:00:08]} Qd7 {[%emt 0:02:40]} 11. f4 {[%emt 0:07:32]} Nc6 {[%emt 0:06:17]} 12. g4 {[%emt 0:03:39]} a6 {[%emt 0:15:12]} 13. h4 {[%emt 0:11:41]} b5 {[%emt 0:04:51]} 14. O-O-O {[%emt 0:10:21]} Rab8 {[%emt 0:13:10]} 15. Bf3 {[%emt 0:04:14]} b4 {[%emt 0:14:03]} 16. Nd5 {[%emt 0:09:08]} a5 {[%emt 0:06:13]} 17. Nxf6+ {[%emt 0:02:44]} Bxf6 {[%emt 0:01:41]} 18. Bxf6 {[%emt 0:00:21]} gxf6 {[%emt 0:00:12]} 19. Bxc6 {[%emt 0:00:27]} Qxc6 {[%emt 0:00:51]} 20. Qd4 {[%emt 0:00:21]} Qc5 {[%emt 0:02:10]} 21. Qxc5 {[%emt 0:01:56]} dxc5 {[%emt 0:00:02]} 22. Rd7 {[%emt 0:00:11]} Rbc8 {[%emt 0:01:00]} 23. g5 {[%emt 0:01:10]} fxg5 {[%emt 0:00:46]} 24. fxg5 {[%emt 0:00:16]} Rfe8 {[%emt 0:01:07]} 25. h5 {[%emt 0:00:59]} Re5 {[%emt 0:01:33]} 26. Rf1 {[%emt 0:00:37]} Rce8 {[%emt 0:01:44]} 27. Rxc7 {[%emt 0:00:26]} Kf8 {[%emt 0:01:24]} 28. g6 {[%emt 0:01:04]} hxg6 {[%emt 0:00:23]} 29. fxg6 {[%emt 0:00:12]} Rxh5 {[%emt 0:00:36]} 30. Rcxf7+ {[%emt 0:00:32]} Kg8 {[%emt 0:00:04]} 31. g7 {[%emt 0:00:11]} Rhe5 {[%emt 0:00:53]} 32. R7f5 {[%emt 0:02:07]} Kxg7 {[%emt 0:00:54]} 33. Rg1+ {[%emt 0:02:08]} Kh6 {[%emt 0:00:57]} 34. Rxe5 {[%emt 0:00:37]} Rxe5 {[%emt 0:00:02]} 35. a3 {[%emt 0:01:39]} Re3 {[%emt 0:01:18]} 36. axb4 {[%emt 0:00:52]} axb4 {[%emt 0:00:35]} 37. Kd2 {[%emt 0:00:49]} Re5 {[%emt 0:00:12]} 38. Kd3 {[%emt 0:00:31]} Rf5 {[%emt 0:00:56]} 39. Kc4 {[%emt 0:00:28]} Re5 {[%emt 0:00:14]} 40. c3 {[%emt 0:00:00]} bxc3 {[%emt 0:00:00]} 41. Kxc3 {[%emt 0:01:15]} Rf5 {[%emt 0:04:46]} 42. Rg2 {[%emt 0:02:21]} Rh5 {[%emt 0:03:05]} 43. Kc4 {[%emt 0:00:44]} Rf5 {[%emt 0:00:28]} 44. Kb5 {[%emt 0:00:16]} Re5 {[%emt 0:00:39]} 45. Rc2 {[%emt 0:00:15]} Kg6 {[%emt 0:03:32]} 46. Rxc5 {[%emt 0:00:13]} Re2 {[%emt 0:01:30]} 47. b4 {[%emt 0:00:13]} Kf6 {[%emt 0:00:20]} 48. Ka6 {[%emt 0:00:23]} Ke6 {[%emt 0:00:19]} 49. b5 {[%emt 0:00:21]} Kd6 {[%emt 0:01:48]} 50. Rc1 {[%emt 0:00:43]} Ra2+ {[%emt 0:01:17]} 51. Kb7 {[%emt 0:00:09]} Rb2 {[%emt 0:01:19]} 52. b6 {[%emt 0:00:12]} Rb3 {[%emt 0:00:27]} 53. Ka7 {[%emt 0:00:09]} Rb2 {[%emt 0:01:37]} 54. b7 {[%emt 0:00:11]} Ra2+ {[%emt 0:00:07]} 55. Kb8 {[%emt 0:00:07]} Rb2 {[%emt 0:00:21]} 56. Kc8 {[%emt 0:00:29]} 1-0

[Event "FAI-ch Open 2021"]
[Site "Klaksvik"]
[Date "2021.04.02"]
[Round "7.1"]
[White "Skaale, Janus"]
[Black "Funningstovu, Brandur I"]
[Result "1-0"]
[WhiteElo "1809"]
[BlackElo "1311"]
[Annotator "NA"]
[PlyCount "75"]
[EventDate "2021.03.27"]
[EventType "swiss"]
[EventCountry "FAI"]
[SourceTitle "playchess.com"]
[Source "ChessBase"]
[SourceQuality "1"]
[TimeControl "40/5400+30:900+30"]

1. e4 {[%emt 0:00:00]} e6 {[%emt 0:00:00]} 2. d4 {[%emt 0:00:00]} d5 {[%emt 0:00:00]} 3. Nd2 {[%emt 0:00:38]} c5 {[%emt 0:00:15]} 4. Ngf3 {[%emt 0:01:05]} Nc6 {[%emt 0:02:10]} 5. exd5 {[%emt 0:01:02]} exd5 {[%emt 0:00:33]} 6. Bb5 {[%emt 0:01:09]} Bd6 {[%emt 0:00:38]} 7. dxc5 {[%emt 0:00:50]} Bxc5 {[%emt 0:02:13]} 8. O-O {[%emt 0:00:23]} h6 {[%emt 0:01:19]} 9. Nb3 {[%emt 0:14:40]} Bd6 {[%emt 0:01:13]} 10. Nbd4 {[%emt 0:10:22]} Nge7 {[%emt 0:03:19]} 11. b3 {[%emt 0:01:41]} O-O {[%emt 0:00:18]} 12. Bb2 {[%emt 0:00:55]} a6 {[%emt 0:00:42]} 13. Be2 {[%emt 0:06:02]} b5 {[%emt 0:07:25]} 14. a4 {[%emt 0:02:39]} b4 {[%emt 0:02:54]} 15. Qd2 {[%emt 0:03:13]} Bb7 {[%emt 0:05:31]} 16. Rfd1 {[%emt 0:05:49]} Qc7 {[%emt 0:02:08]} 17. g3 {[%emt 0:02:48]} f5 {[%emt 0:06:33]} 18. Ne6 {[%emt 0:01:25]} Qd7 {[%emt 0:02:35]} 19. Nxf8 {[%emt 0:01:20]} Rxf8 {[%emt 0:00:09]} 20. c4 {[%emt 0:03:34]} bxc3 {[%emt 0:01:28]} 21. Qxc3 {[%emt 0:00:21]} Rf7 {[%emt 0:01:27]} 22. Nd4 {[%emt 0:04:49]} Bb4 {[%emt 0:01:41]} 23. Qc2 {[%emt 0:02:58]} f4 {[%emt 0:05:43]} 24. Nxc6 {[%emt 0:04:24]} Bxc6 {[%emt 0:00:20]} 25. Rd4 {[%emt 0:02:19]} fxg3 {[%emt 0:08:34]} 26. hxg3 {[%emt 0:01:34]} Bd6 {[%emt 0:06:08]} 27. Rc1 {[%emt 0:06:01]} Be5 {[%emt 0:01:04]} 28. Bg4 {[%emt 0:03:39]} Qa7 {[%emt 0:03:56]} 29. Rd3 {[%emt 0:04:01]} d4 {[%emt 0:04:09]} 30. Be6 {[%emt 0:01:12]} Be4 {[%emt 0:04:00]} 31. Bxf7+ {[%emt 0:01:01]} Kxf7 {[%emt 0:00:30]} 32. Qc4+ {[%emt 0:01:30]} Bd5 {[%emt 0:00:32]} 33. Qc2 {[%emt 0:01:10]} Be4 {[%emt 0:00:42]} 34. Qc5 {[%emt 0:06:58]} Qb8 {[%emt 0:03:36]} 35. Bxd4 {[%emt 0:01:36]} Bd6 {[%emt 0:05:16]} 36. Qc4+ {[%emt 0:00:31]} Nd5 {[%emt 0:02:53]} 37. Re3 {[%emt 0:00:39]} Kg6 {[%emt 0:05:25]} 38. Rxe4 {[%emt 0:00:16]} 1-0